000 00800nam a22002777a 4500
001 7513
003 FISKH
005 20250722153928.0
008 250722b cb ||||| |||| 00| 0 eng d
020 _a9780545165280
040 _aFISKH
_beng
_cFISKH
_dFISKH
050 _aPZ7
100 _aJohns, Linda
245 _aPass the pasta, please ! /
_cby Linda Johns
260 _aNew York :
_bScholastic ,
_c2009.
300 _a8 pages :
_bcolor illustrations ;
_c23 cm .
505 _aB
520 _aSimple text and photographs show different types of pasta.
521 8 _a80
_bLexile
521 8 _aB
_bRaz-Plus
650 _aIndependent
_vJuvenile Literature
700 _aScott, Janine
_eEditor
700 _aLam, Amy
_eDisigner
942 _2ddc
_cBK
_n0
999 _c7513
_d7513